Subdivision by Flag Map #4 - Statistics

General Stats
  • This quiz has been taken 32 times
  • The average score is 8 of 14
Answer Stats
Picture Answer % Correct
New Mexico
82%
Arizona
75%
Nevada
75%
Goiás
64%
Balochistan
61%
Buryatia
61%
Mato Grosso do Sul
61%
Maranhão
57%
Buenos Aires
54%
Rio Grande do Sul
46%
Rajasthan
43%
Oromia
32%
Tomsk
29%
Maharashtra
18%
No matching quizzes found
Score Distribution
Percent of People with Each Score
Percentile by Number Answered
Your Score History
You have not taken this quiz